Haiku Master Buson : translations from the writings of Yosa Buson--Poet and artist--With related materials /

Bibliographic Details
Main Author: Yosa, Buson, 1716-1784
Other Authors: Sawa, Yuki, 1945-, Shiffert, Edith Marcombe
Format: Book
Language:English
Published: South San Francisco, CA : Heian, 1978.
Subjects:

MARC

Tag First Indicator Second Indicator Subfields
LEADER 00000cam a2200000 a 4500
001 in00000070129
005 20151008061613.0
008 790625s1978 caua b 00010 eng d
020 |a 0893460125 
035 |a (OCoLC)05105568 
035 |9 AAJ8418AM 
040 |a ILU  |c ILU  |d m.c.  |d TXA  |d UtOrBLW 
041 1 |a eng  |a jap 
049 |a TXAM  |c [1655600] 
090 |a PL782.E3  |b Y7 
100 1 |a Yosa, Buson,  |d 1716-1784. 
245 1 0 |a Haiku Master Buson :  |b translations from the writings of Yosa Buson--Poet and artist--With related materials /  |c Yuki Sawa & Edith Marcombe Shiffert. 
264 1 |a South San Francisco, CA :  |b Heian,  |c 1978. 
300 |a 178 pages :  |b illustrations ;  |c 22 cm. 
336 |a text  |b txt  |2 rdacontent 
337 |a unmediated  |b n  |2 rdamedia 
338 |a volume  |b nc  |2 rdacarrier 
500 |a "Illustrations are from the collection of original Buson paintings of the Itsuo Museum, Osaka"-- verso. 
504 |a Bibliography: pages 173-178. 
650 0 |a Haiku  |v Translations into English. 
650 0 |a Japanese poetry  |v Translations into English. 
700 1 |a Sawa, Yuki,  |d 1945- 
700 1 |a Shiffert, Edith Marcombe. 
999 |a MARS 
999 f f |s 4a8be022-34a4-35c4-a92d-62032263956f  |i 9fe9679f-6c64-3987-b8ef-12b847927bc4  |t 0 
952 f f |p ric  |a Texas A&M University  |b Rellis Campus  |c Joint Library Facility  |s JLF  |d Remote Storage  |t 0  |e PL782.E3 Y7  |h Library of Congress classification  |i unmediated -- volume  |m A14806176482 
998 f f |a PL782.E3 Y7  |t 0  |l Remote Storage